| 000 | 00000nas 2200000za 4500 |
| 001 | 9.513045 |
| 003 | CaOODSP |
| 005 | 20201021154555 |
| 007 | ta |
| 008 | 150406d1989200uonc x m #||||f| |0fre|d |
| 022 | |a0847-1185 |
| 040 | |aCaOODSP|bfre |
| 043 | |an-cn--- |
| 086 | 1 |aFs66-5F |
| 245 | 00|aSérie de publications de l'analyse économique et commerciale / |cpublié par les Services statistiques. |
| 260 | |aOttawa : |bPêches et Océans Canada |
| 310 | |aIrrégulier |
| 362 | 1 |aParaît depuis no. 1; ne paraît plus après no. 165? |
| 710 | 1 |aCanada.|bMinistère des pêches et des océans.|bDirection générale des politiques et analyse économiques. |
| 775 | 08|tEconomic and commercial analysis report / |w(CaOODSP)9.509344 |
| 775 | 08|tRapport de l'analyse économique et commerciale / |w(CaOODSP)9.509345 |
| 775 | 08|tEconomic and commercial analysis report / |w(CaOODSP)9.514673 |
| 776 | 0#|tRapport de l'analyse économique et commerciale.|w(CaOODSP)9.892696 |